| 000 | 00580nam a2200193 i 4500 | ||
|---|---|---|---|
| 001 | 55716 | ||
| 003 | ES-MaACL | ||
| 005 | 20230906163214.0 | ||
| 007 | t| | ||
| 008 | 030925s1924 gw ||||1| ger d | ||
| 245 | 0 | 0 | _aDeutschland in farbenphotographic. |
| 260 |
_aBerlin : _bCarl Meller, _c1924 ( _fFoster und Barries) |
||
| 300 |
_a1 v. : _bil. ; _c36 cm. |
||
| 505 | 8 | _aContiene: V. VIII: Schlesien / con Heinz Braune und Konrad Hahnn | |
| 700 | 1 |
_aBraune, Heinz. _931423 |
|
| 700 | 1 |
_aHahnn, Konrad. _961480 |
|
| 740 | 0 | _aSchlesien. | |
| 852 |
_aES-MaACL _jF-15568 _bR.19229 |
||
| 999 |
_c55716 _d55716 |
||